|
|
|
|
| LEADER |
01086nam a2200313 a 4500 |
| 001 |
37925 |
| 003 |
BD-DhAAL |
| 005 |
20231009110439.0 |
| 008 |
220306t1996 nyu 001 0 eng d |
| 010 |
|
|
|a 96007293
|
| 020 |
|
|
|a 0679769714
|
| 020 |
|
|
|a 9780679769712
|
| 040 |
|
|
|a DLC
|c DLC
|d DLC
|d BD-DhAAL
|
| 050 |
0 |
0 |
|a PN6162
|b .R34 1996
|
| 082 |
0 |
0 |
|a 818.02
|2 20
|
| 245 |
0 |
0 |
|a Random House book of jokes and anecdotes /
|c edited by Joe Claro.
|
| 246 |
1 |
8 |
|a Jokes and anecdotes
|
| 250 |
|
|
|a Second edition
|
| 260 |
|
|
|a New York :
|b Random House,
|c c1996.
|
| 300 |
|
|
|a vi, 266 pages ;
|c 16 cm.
|
| 500 |
|
|
|a Includes index.
|
| 541 |
|
|
|a Donated by Akbar Ali Khan
|e 37925
|
| 650 |
|
0 |
|a American wit and humor.
|9 46379
|
| 650 |
|
0 |
|a Anecdotes.
|9 46380
|
| 700 |
1 |
|
|a Claro, Joseph.
|9 46381
|
| 852 |
|
|
|a Ayesha Abed Library
|c Akbar Ali Khan Collection
|
| 942 |
|
|
|2 ddc
|c BK
|
| 999 |
|
|
|c 43653
|d 43653
|
| 952 |
|
|
|0 0
|1 0
|2 ddc
|4 0
|6 818_020000000000000_RAN
|7 1
|9 69983
|a BRACUL
|b BRACUL
|c AAKC
|d 2022-03-06
|e Donated by Akbar Ali Khan
|l 1
|m 1
|o 818.02 RAN
|p 3010037925
|r 2026-04-11
|s 2026-04-02
|t 1
|w 2022-03-06
|y BK
|